Score 0/50 Timer 05:00
0 Plays Today
Clue 4-Letter Word % Correct
'Yours, ___ and Ours'MINE
93.1%
A very short skirtMINI
86.9%
An expensive furMINK
84.6%
It holds up your pantsBELT
83.9%
DespiseHATE
83.7%
'Hell ___ no fury ...'HATH
82.9%
'For Whom the ___ Tolls'BELL
82.6%
Academy Award-winning actress BlanchettCATE
82.5%
Chinese dynasty from 1368-1644MING
82.2%
Unit of 16 fluid ouncesPINT
80.3%
A clue or suggestionHINT
79.4%
Rabbit kinHARE
78.7%
ShrubberyBUSH
76.1%
A set of movie stars, with Rat or BratPACK
75.1%
TV Detective played by Tony ShalhoubMONK
72.6%
★ Best Actor for 'Milk' and 'Mystic River' ★PENN
71.5%
Chopped meat and potatoes dishHASH
71.1%
'___ she blows!'THAR
70.6%
★ Best Actor for 'Ray' ★FOXX
69.4%
A dark greenish blueTEAL
68.1%
★ Best Actor for 'To Kill a Mockingbird' ★PECK
67.2%
French for a movieCINÉ
67.1%
Arrest, like a drug-dealing criminalBUST
66.6%
Scorch or burn slightlyCHAR
65.9%
Reference in a footnoteCITE
64.8%
Clue 4-Letter Word % Correct
Outdo or defeat in battleBEST
64.5%
'___ Brown': 1974 blaxploitation filmFOXY
63.7%
Squarish in shapeBOXY
63.3%
Adventurous or hastyRASH
63.1%
Lachrymose eye outputTEAR
63.1%
A rate of movement or tempoPACE
61.7%
★ Best Actor for 'Shine' ★RUSH
61.7%
Shut up or confinedPENT
60.6%
★ Best Actress for 'As Good As It Gets' ★HUNT
60.6%
★ Best Actress for 'Moonstruck' ★CHER
60%
A privilege or unexpected bonusPERK
59.8%
Roxie ___: Zellweger's 'Chicago' roleHART
57.5%
'The Whole Nine Yards' actress AmandaPEET
54.4%
Ball-___ hammerPEEN
54.2%
Skinny or scrawnyBONY
54.2%
When doubled, a Tommy James songMONY
53.2%
★ Best Actor for 'Leaving Las Vegas' ★CAGE
51.7%
Lively or vivaciousPERT
50.1%
★ Best Actor for 'Kiss of the Spider Woman' ★HURT
47.1%
Modern artist MondrianPIET
46.3%
★ Best Actress for 'A Trip to Bountiful' ★PAGE
41.7%
Oscar-nominated role/movie for Jodie FosterNELL
38.6%
A greenish-yellow type of beanMUNG
38.4%
★ Best Actor for 'The Story of Louis Pasteur' ★MUNI
36%
★ Best Actress for 'Hud' ★NEAL
35.2%

Today's Daily Dose

Missing Word
I Hardly Know Her!

Word Ladder
Sentence Ending

Quick Pick
Female Firsts

Get the Picture
Triathlon Sports

Remove Ads.
Support Sporcle.
Get the best of Sporcle when you Go Orange. This ad-free experience offers more features, more stats, and more fun while also helping to support Sporcle. Thank you for becoming a member.

You're not logged in!

Compare scores with friends on all Sporcle quizzes.
OR
Log In

Show Comments

Extras

Top Quizzes Today


Score Distribution

Your Account Isn't Verified!

In order to create a playlist on Sporcle, you need to verify the email address you used during registration. Go to your Sporcle Settings to finish the process.

Report this User

Report this user for behavior that violates our Community Guidelines.

Details: